<?xml version="1.0" encoding="UTF-8"?><?xml-stylesheet type="text/xsl" href="static/style.xsl"?><OAI-PMH xmlns="http://www.openarchives.org/OAI/2.0/" xmlns:xsi="http://www.w3.org/2001/XMLSchema-instance" xsi:schemaLocation="http://www.openarchives.org/OAI/2.0/ http://www.openarchives.org/OAI/2.0/OAI-PMH.xsd"><responseDate>2026-04-14T07:07:12Z</responseDate><request verb="GetRecord" identifier="oai:www.recercat.cat:10459.1/469789" metadataPrefix="marc">https://recercat.cat/oai/request</request><GetRecord><record><header><identifier>oai:recercat.cat:10459.1/469789</identifier><datestamp>2026-03-16T19:17:05Z</datestamp><setSpec>com_2072_3622</setSpec><setSpec>col_2072_479130</setSpec></header><metadata><record xmlns="http://www.loc.gov/MARC21/slim" xmlns:dcterms="http://purl.org/dc/terms/" xmlns:xsi="http://www.w3.org/2001/XMLSchema-instance" xmlns:doc="http://www.lyncode.com/xoai" xsi:schemaLocation="http://www.loc.gov/MARC21/slim http://www.loc.gov/standards/marcxml/schema/MARC21slim.xsd">
   <leader>00925njm 22002777a 4500</leader>
   <datafield ind2=" " ind1=" " tag="042">
      <subfield code="a">dc</subfield>
   </datafield>
   <datafield ind2=" " ind1=" " tag="720">
      <subfield code="a">Lazoa, Joaquín</subfield>
      <subfield code="e">author</subfield>
   </datafield>
   <datafield ind2=" " ind1=" " tag="720">
      <subfield code="a">Trujillo-Baute, Elisa</subfield>
      <subfield code="e">author</subfield>
   </datafield>
   <datafield ind2=" " ind1=" " tag="720">
      <subfield code="a">Watts, David</subfield>
      <subfield code="e">author</subfield>
   </datafield>
   <datafield ind2=" " ind1=" " tag="260">
      <subfield code="c">2026-01</subfield>
   </datafield>
   <datafield ind2=" " ind1=" " tag="520">
      <subfield code="a">The growing demand for renewable energy sources, particularly solar photovoltaic (PV) technology, poses a significant challenge to agricultural land use, creating a conflict over land allocation critical for food production and energy generation. This study addresses this issue by proposing a real options model to evaluate the timing of PV plant installation on agricultural land, incorporating uncertainties related to electricity prices and PV technology costs. This methodology has the advantage of incorporating flexibility in decision-making and the consideration of irreversibility, making it especially suitable for analyzing land-use changes. The model is applied to a case study in Spain, analyzing 134 crop types across 15 regions, to estimate the optimal timing for farmers to switch from traditional agriculture to solar PV installations. The findings indicate that the cost of PV technology is the primary driver of this transition, with the model predicting that PV installations will become more profitable than agriculture within the next 20 years, particularly in southern Spain, where higher solar irradiance accelerates the process. Furthermore, the study highlights the need for differentiated regulatory policies, with stricter measures recommended for regions with higher land-use change risk. This research contributes to the literature by providing a tool for assessing land-use conflicts between agriculture and renewable energy, offering insights for policymakers, investors, and academics.</subfield>
   </datafield>
   <datafield ind2=" " ind1=" " tag="520">
      <subfield code="a">The authors acknowledge the support and funding from ANID-Subdireccion de Capital Humano/Doctorado Nacional/2021–21210320, Conicyt-Fondecyt 1221943, Conicyt-FONDAP 1522A0006 (SERC Chile), MCIU/AEI&amp;ERDF-EU PID2022-140546OB-I00 and Departament de Recerca i Universitat de la Generalitat de Catalunya 2021SGR00355.</subfield>
   </datafield>
   <datafield ind1="8" ind2=" " tag="024">
      <subfield code="a">https://hdl.handle.net/10459.1/469789</subfield>
   </datafield>
   <datafield tag="653" ind2=" " ind1=" ">
      <subfield code="a">Photovoltaic</subfield>
   </datafield>
   <datafield tag="653" ind2=" " ind1=" ">
      <subfield code="a">Real options</subfield>
   </datafield>
   <datafield tag="653" ind2=" " ind1=" ">
      <subfield code="a">Land-use change</subfield>
   </datafield>
   <datafield tag="653" ind2=" " ind1=" ">
      <subfield code="a">AgricultureUncertainty</subfield>
   </datafield>
   <datafield ind2="0" ind1="0" tag="245">
      <subfield code="a">Land-use dilemma: Evaluating the transition from crops to solar PV plants using a real options approach</subfield>
   </datafield>
</record></metadata></record></GetRecord></OAI-PMH>